000 01169nam a22003377a 4500
003 CHAP
005 20220329141029.0
008 971013s1996 r 00010 d
010 _a61558
011 _a62530
035 _a66704
040 _cCHAP
090 _aTesis
100 0 0 _aDíaz Damián, Dayner Abraham.
_933429
245 _aAplicación de la percepción remota en el estudio del uso actual del suelo del norte de Coahuila, Méx.
260 _aChapingo, Méx. :
_bEl autor,
_c1996
300 _a142 h.
_b: gráfs. ; mapas
502 _aTesis (Ing. Agr. Esp. en Irrigación) -- UACH. Departamento de Irrigación
590 _aALEPH
_b10
_c20130110
_lUCH01
_h1343
590 _aBATCH-UPD
_b10
_c20130110
_lUCH01
_h0551
590 _aBATCH-UPD
_b10
_c20130410
_lUCH01
_h0232
590 _aBATCH-UPD
_b10
_c20130914
_lUCH01
_h1217
590 _aCONVERSION
_b10
_c20130109
_lUCH01
_h1333
650 1 4 _aSensores remotos.
_9104427
650 1 4 _aSuelos
_xCoahuila.
_9110272
650 1 4 _aSuelos
_xMapas.
_9110427
901 _aBK
942 _cFOLL
949 _bBC
_cTES
_d-151928
_eTS1
_h39606
_i66704
_si
949 _bBC
_cTES
_d33724000625091
_eTS2
_fc.2
_h39607
_i66704
_si
999 _c61558
_d61558